000 00818nam a2200229Ia 4500
001 9653
003 GE_BSU
008 181216s||||||||xx |||||||||||||| ||und||
040 _cGE_BSU
080 _a821.353.1–32
100 _aმრევლიშვილი,მიხეილ.
245 _aსაბედისწერო მოსახვევი
245 _bმოთხრობები
245 _cრედ. გრ.ჩიქოვანი.მხატვ.გ.ნადირაძე
260 _aთბილისი
260 _bლიტერატურა და ხელოვნება
260 _c1964
300 _a442გვ.21სმ.
653 _aმოთხრობები
653 _aსაბედისწერო მოსახვევი
942 _cBK
999 _c42937
_d42937